Где поселится кузнец: исторический роман

Бібліографічні деталі
Автор: Борщаговский А. М. Александр Михайлович
Інші автори: Широв Э. А. (иллюстратор)
Мова:Російська
Опубліковано: Москва, Советский писатель, 1976
Предмети:
Формат: MixedMaterials Книга
KOHA link:https://koha.lib.tpu.ru/cgi-bin/koha/opac-detail.pl?biblionumber=133988

MARC

LEADER 00000nam0a2200000 4500
001 133988
005 20231031135522.0
035 |a (RuTPU)RU\TPU\book\145232 
090 |a 133988 
100 |a 20080325d1976 m y0rusy50 ca 
101 0 |a rus 
102 |a RU 
105 |a a z 000ay 
200 1 |a Где поселится кузнец  |e исторический роман  |f А. М. Борщаговский  |g худож. Э. А. Широв 
210 |a Москва  |c Советский писатель  |d 1976 
215 |a 448 с.  |c ил. 
610 1 |a советская литература 
610 1 |a исторические романы 
675 |a Р2  |v 3 
700 1 |a Борщаговский  |b А. М.  |g Александр Михайлович 
702 1 |a Широв  |b Э. А.  |4 440 
801 1 |a RU  |b 63413507  |c 20080325  |g PSBO 
942 |c BK